[Event "EU-ch 5th"]
[Site "Antalya"]
[Date "2004.05.16"]
[Round "2"]
[White "Nyback, Tomi"]
[Black "Krasenkow, Michal"]
[Result "1/2-1/2"]
[WhiteElo "2545"]
[BlackElo "2609"]
[Annotator "Krasenkow,M"]
[PlyCount "103"]
[EventDate "2004.05.15"]
[EventType "swiss"]
[EventRounds "13"]
[EventCountry "TUR"]
[SourceTitle "CBM 101"]
[Source "ChessBase"]
[SourceDate "2004.07.27"]
[SourceVersion "1"]
[SourceVersionDate "2004.07.27"]
[SourceQuality "1"]

1. d4 Nf6 2. c4 g6 3. Nc3 d5 4. cxd5 Nxd5 5. e4 Nxc3 6. bxc3 Bg7 7. Bc4 c5 8.
Ne2 Nc6 9. Be3 O-O 10. O-O Na5 11. Bd3 cxd4 12. cxd4 b6 13. Qd2 Bb7 14. Rac1
Qd7 {This game shows that delaying ...e6 doesn't bring Black any benefit.} (
14... e6) 15. Qb4 $1 (15. Bh6 Rfc8 (15... Rac8 16. h4 $1 (16. Bxg7 Kxg7 17. Qb2
Rxc1 18. Rxc1 Rc8 19. Rxc8 Qxc8 {1/2-1/2 Unger,M-Pfeiffer,P/Germany 1988/
GER-chT2 (19)}) (16. d5 e6 17. Bxg7 Kxg7 18. Nd4 exd5 19. e5 Qe7 20. Rce1 Nc6
21. Qf4 Nxd4 22. Qxd4 Kg8 23. Re3 f5 24. e6 f4 25. Re5 Qc5 26. Qb2 f3 27. gxf3
Rc7 28. Rfe1 Re7 $17 {0-1 Lobron,E-Malisauskas,V/Manila 1992/TD (37)}) 16...
Rxc1 17. Rxc1 Rc8 18. Bxg7 Rxc1+ 19. Qxc1 Kxg7 20. d5 e6 21. Qc3+ Kg8 22. h5
exd5 23. h6 $36 {1-0 Cramling,P-Doncevic,D/Benidorm 1988/EXT 2002 (45)}) 16.
Bxg7 (16. h4 Bxd4) 16... Kxg7 17. d5 e6 (17... Rxc1 18. Rxc1 Rc8 19. Rxc8 Bxc8
20. h4 $36 {1-0 Teschner,R-Bagnoli,P/Reggio Emilia 1964/EXT 2000 (43)}) 18.
dxe6 Qxe6 19. Ng3 Qe5 20. Qe3 Rxc1 21. Rxc1 Rc8 $11 {0-1 Calneggia,R-Foguelman,
A/Buenos Aires 1965/MCD (53)}) (15. f3 Rfd8 (15... Rac8 16. d5 e6 $11 {0-1
Bastas,G-Tsagan,T/Havana 1966/EXT 99 (34)}) 16. Rfd1 e6 17. h4 Rac8 18. h5 Rxc1
19. Rxc1 Rc8 20. Rxc8+ Qxc8 21. Bh6 Nc4 22. Bxc4 Bxh6 23. Qxh6 Qxc4 $11 {
1/2-1/2 Mochalov,E-Voitsekhovsky,S/Roslavl 1989/EXT 98 (38)}) (15. Rfd1 Rfc8
16. Qb4 e6 17. f3 Bf8 18. Qb2 Qa4 19. Bb5 Qa3 20. Qxa3 Bxa3 21. Rxc8+ Rxc8 $132
{0-1 Martinez,D-Kovchan,A/ESP 1995/EXT 97 (56)}) (15. d5 e6 16. dxe6 Qxe6 17.
Ng3 Rac8 $11 {1/2-1/2 Cisneros Alomar,J-Gonzalez Pruneda,A/Cala Mendia 2001/
CBM 85 ext (71)}) (15. Rc3 Rac8 16. Rfc1 Rxc3 17. Rxc3 Rc8 $11 {0-1 Trindade,
W-Meng,N/Serra Negra 2002/CBM 88 ext (28)}) 15... Nc6 $6 (15... Rfc8 16. d5
Rxc1 17. Rxc1 Rc8 18. Rxc8+ Bxc8 19. Nd4 Bb7 20. Bf1 $14 {1-0 Pedersen,E-Platz,
H/Helsinki 1952/MCD (32)}) (15... Rac8 16. d5) ({It was not too late to play} 
15... e6 $5 16. Bb5 Nc6 (16... Bc6 $2 17. Rxc6 Nxc6 18. Qa4) 17. Qc4 (17. Qa4
Rfc8 18. d5 exd5 19. exd5 Qxd5 20. Nf4 Qd6 21. Rfd1 Nd4 $1) 17... Rac8 18. d5
exd5 19. exd5 Ne5 20. Qxc8 Qxc8 21. Rxc8 Rxc8 (21... Bxc8 22. Rc1) 22. d6 Bf6
$11) 16. Qa4 Qd6 (16... Rfc8 17. d5 Ne5 18. Bb5 Qd6 19. f4 Ng4 20. Bd4 $14) 17.
Bb5 $1 Na5 {A sad necessity.} (17... Rfc8 {loses in view of} 18. e5 Qd7 19. d5
$1 Qxd5 20. Nf4 Qd7 21. Rfd1 Qe8 22. Nd5 $1 $18 {[%cal Rb5c6,Rd5b4]}) 18. e5 (
18. d5 $5 $14) 18... Qd8 19. Rfd1 $6 {Too passive.} (19. Bd2 a6 20. Bd7 (20.
Bd3 Bxe5) 20... Nc4 $1 21. Rxc4 $140 b5) (19. Bd7 $1 {/\e6} a6 20. e6 b5 21.
Qb4 Bd5 22. Nf4 $1 $36) 19... a6 20. Bd3 b5 21. Qb4 Bd5 {[%csl Gc4,Gd5]} (21...
e6 22. a4 $1) 22. Nf4 Bc4 (22... Bxa2 $6 {is too risky although not easy to
refute:} 23. Be4 Rb8 (23... Ra7 24. Ra1 (24. d5 Rc7 25. Rxc7 Qxc7 26. Ra1 Qxe5
27. Rxa2 Nc4 $132) 24... Bb3 25. Re1 Ba4 26. d5 Rd7 (26... Rb7 27. d6) 27. Rxa4
bxa4 28. Bb6 $16) 24. Ra1 Bb3 25. Rdb1 Ba4 26. Nd5 e6 (26... Nc6 27. Qc5 Rc8
28. Nb6) 27. Nc3 Nc4 28. Rxa4 $1 Nxe3 29. Rxa6 $16) 23. Be4 Rc8 24. Qa3 $1 {
[%csl Ra5,Ra6]} Re8 25. h4 e6 26. g3 {Once again White doesn't play
energetically enough.} (26. h5 $142 $36 {>>}) 26... Bf8 27. Qb2 Qe7 (27... Nc6
$5 28. d5 $140 Nxe5 $1 29. dxe6 Qf6 30. Bd4 Bd6 $13) 28. Bd2 $6 {Preparing the
break in the centre, which is incorrect.} (28. h5 Qa3 $1 29. Qxa3 Bxa3 30. Rc2
$11) 28... Nc6 29. d5 $2 {[%mdl 64] Consequent but wrong.} (29. Be3 $142) 29...
exd5 30. Rxc4 dxe4 $2 {Black fails to find an easy refutation:} (30... dxc4 31.
Nd5 Qe6 32. Nf6+ Qxf6 $1 (32... Kh8 $2 33. Bd5) 33. exf6 Rxe4 {[%csl Gc4] The
material relation is now rather equal but the passed c4 pawn guarantees Black
a big advantage, e.g.} 34. Be3 Nb4 35. Qc3 (35. Rd7 c3 36. Qb3 Rcc4 37. Rd1 a5
$19) 35... Ree8 $1 $17 ({rather than} 35... Rce8 36. Rd7 Nxa2 37. Qa5 $13)) 31.
Nd5 Qe6 32. Nf6+ Kh8 33. Rxe4 Red8 {Black thought his domination in the centre
would give him an advantage but...} 34. h5 $1 $132 {[%csl Rh8]} Bg7 35. Rde1
Nxe5 {what else?} 36. Rxe5 Bxf6 (36... Qxf6 $4 37. h6 $18) 37. Bg5 $1 Rf8 $6 {
Black consequently loses his way!} ({There was nothing wrong with} 37... gxh5
$1 {and White should take care of the draw:} 38. Bxf6+ (38. Rxe6 $143 Bxb2 39.
Rxa6 Rd5 $15) 38... Qxf6 39. Rxb5 Qxb2 40. Rxb2 $11) 38. Rxe6 (38. Bxf6+ Qxf6
39. Rxb5 $11) 38... Bxb2 39. Rxa6 gxh5 $2 {White now wins the b5 pawn and
obtains good winning chances.} (39... Rc2 $1 $11) 40. Rb1 Bd4 41. Rxb5 f6 (
41... Rc2 42. Rf5) 42. Bh6 $2 {Tentative but wrong. This bishop should stay on
h4 to attack the black f6 pawn:} (42. Bh4 $1 {[%csl Gh4]} Rc2 43. Rf5 Kg7 44.
a4 $16) 42... Rg8 43. Kf1 Rc2 44. Rf5 Rd8 45. a4 (45. Rd5 $5 {was an
interesting attempt but Black eventually held his ground:} Rxf2+ 46. Kg1 Rd2+
47. Kh1 Rd1+ 48. Kg2 Re8 49. Re6 Rb8 $1 50. Re2 h4 $1 51. Be3 Re8 $11) 45...
Kg8 46. Rf3 Rd5 47. Be3 {White has nothing better but Black easily escapes in
the rook endgame:} Bxe3 48. Rxe3 Rf5 49. Re2 Rxe2 50. Kxe2 Kg7 51. Ke3 h4 52.
gxh4 (52. gxh4 Rh5 $11) 1/2-1/2

[Event "Dortmund SuperGM 33rd"]
[Site "Dortmund"]
[Date "2005.07.11"]
[Round "4"]
[White "Van Wely, Loek"]
[Black "Svidler, Peter"]
[Result "1/2-1/2"]
[WhiteElo "2655"]
[BlackElo "2738"]
[Annotator "Krasenkow,M"]
[PlyCount "103"]
[EventDate "2005.07.07"]
[EventType "tourn"]
[EventRounds "9"]
[EventCountry "GER"]
[EventCategory "19"]
[SourceTitle "CBM 108"]
[Source "ChessBase"]
[SourceDate "2005.09.26"]
[SourceVersion "1"]
[SourceVersionDate "2005.09.26"]
[SourceQuality "1"]

1. d4 Nf6 2. c4 g6 3. Nc3 d5 4. cxd5 Nxd5 5. e4 Nxc3 6. bxc3 Bg7 7. Bc4 c5 8.
Ne2 Nc6 9. Be3 O-O 10. O-O Na5 11. Bd3 cxd4 12. cxd4 b6 13. Qd2 Bb7 14. Rad1 {
A rare move.} (14. Bh6 {or}) (14. Rac1 {is mostly played.}) 14... Rc8 (14... e6
{is the principal move needing more tests. In the following game Black
obtained a good position:} 15. Bh6 Rc8 16. Bxg7 Kxg7 17. Qf4 Qf6 18. Qg3 Nc6
19. e5 Qe7 20. Nf4 Kh8 21. Be4 Rfd8 22. d5 $6 exd5 23. Bxd5 Nxe5 24. Bxb7 Qxb7
25. Qg5 Re8 $17 {0-1 Schmitzer,K-Mohr,S/Schoeneck 1988/TD (47)}) 15. d5 {
Restricting the b7 bishop - a standard idea.} (15. Qb4 Qd7 16. d5 Qd6 17. Bd2
Rc5 18. Qa3 Nc4 19. Bxc4 Rxc4 20. Qxa7 Qd7 21. Qxb6 Rxe4 22. Be3 Bxd5 $11 {
0-1 Keatinge Clay,A-Krnic,Z/Wijk aan Zee 2000/CBM 074 ext (42)}) 15... Nc4 16.
Bxc4 Rxc4 17. Bd4 Qd6 18. Bxg7 Kxg7 19. Nd4 Qb4 20. Qe3 {Compare this position
with Milov-Krasenkow in this issue!} Rfc8 21. h4 Kg8 {GM Peter Svidler avoids
the weakening ...h7-h5 but allows h4-h5-h6.} 22. h5 Qc3 23. Rd3 Qb2 24. h6 (24.
Rfd1 $5 {, played by GM V.Milov in a similar position in the game mentioned,
deserved serious attention.} Rc3 $140 25. Rxc3 Qxc3 26. Qg5) 24... Rc3 {
[%cal Cd4c6,Cd3c3] /\Rxd3 Qxd3 Q(R)c3} 25. Nc6 $1 {White certainly relied on
this move. He had no other good ways to avoid the queen exchange anymore.} Rxd3
26. Qxd3 Kf8 27. a4 Bxc6 28. dxc6 Qf6 29. Rc1 Qd6 30. Qc3 $6 {GM Loek Van Wely
probably failed to calculate the rook endgame; therefore, he decided to evade
the exchange of queens. He was apparently wrong:} (30. Qxd6 exd6 {[%mdl 4096]}
31. f4 (31. Kf1 Ke7 32. Ke2 Ke6 (32... Kd8) (32... d5 33. exd5 Kd6 34. Rd1 Re8+
35. Kf3 $16) 33. f4 (33. Kd3 d5) 33... d5 (33... f5 $6 34. Kd3 $16) 34. e5 g5
$1 35. g3 (35. Ke3 gxf4+ 36. Kxf4 Rc7 $11) 35... gxf4 36. gxf4 f6 37. exf6 Kxf6
38. Kd3 Ke6 39. Kd4 Kd6 $11) 31... f5 (31... Ke7 32. Kf2 Kd8 33. Ke3 Kc7 34.
Kd4 Re8 35. Kd5 $16) 32. Kf2 fxe4 33. Ke3 d5 34. Kd4 Ke7 35. Kxd5 e3 36. Re1
Rd8+ 37. Kc4 Kd6 38. Rxe3 Rf8 39. g3 Rf5 40. Re8 Rc5+ 41. Kb4 Rxc6 42. Rg8 $16
{The "nail" on h6 gives him good winning chances.}) 30... e5 31. c7 {This
looks formidable but now the black king joins struggle against this passed
pawn.} Ke7 32. g3 a6 33. Kg2 b5 34. axb5 axb5 35. Qa5 g5 36. Qa7 Kd7 37. Qa1
Ke7 38. Qa7 Kd7 39. Qb7 Rxc7 40. Qxb5+ Ke7 41. Ra1 Qc5 42. Qb8 Qc6 43. Re1 (43.
Kg1 $142 $1 {maintaining various threats.}) 43... g4 44. Qh8 (44. Kg1 Qd6 45.
Qh8 Qf6 46. Qxh7 Rc2 47. Qf5 (47. Rf1 Kf8 $11) 47... Qxf5 48. exf5 Kf6 49. Kg2
Rc8 $11) 44... Qf6 45. Qxh7 Qf3+ (45... Rc2 $2 {is now insufficient due to} 46.
Qf5 Qxf5 47. exf5 Kf6 48. Rh1 Rc8 49. Rh5) 46. Kg1 Rc2 47. Rf1 (47. Qf5 Qxf5
48. exf5 Kf6 $11 {- Black gains a crucial tempo}) 47... Rxf2 $1 {Accurate
calculation proves that this sacrifice secures a draw.} 48. Rxf2 Qxg3+ 49. Kf1
Qd3+ 50. Re2 (50. Ke1 Qe3+ 51. Re2 Qg1+ 52. Kd2 Qd4+ 53. Kc1 Qa1+ 54. Kc2 Qa4+
55. Kc3 Qd4+ $11) 50... Qd1+ 51. Kf2 g3+ 52. Kxg3 1/2-1/2

[Event "Leonid Stein Memorial-B"]
[Site "Lvov"]
[Date "2000.05.20"]
[Round "8"]
[White "Maksimenko, Andrei"]
[Black "Sulypa, Oleksandr"]
[Result "1-0"]
[WhiteElo "2495"]
[BlackElo "2449"]
[Annotator "Krasenkow,M"]
[PlyCount "77"]
[EventDate "2000.05.12"]
[EventType "tourn"]
[EventRounds "10"]
[EventCountry "UKR"]
[EventCategory "10"]
[SourceTitle "CBM 077"]
[Source "ChessBase"]
[SourceDate "2000.07.27"]
[SourceVersion "1"]
[SourceVersionDate "2000.07.27"]
[SourceQuality "1"]

1. d4 Nf6 2. c4 g6 3. Nc3 d5 4. cxd5 Nxd5 5. e4 Nxc3 6. bxc3 Bg7 7. Bc4 c5 8.
Ne2 Nc6 9. Be3 O-O 10. O-O Bg4 11. f3 Na5 12. Bxf7+ Rxf7 13. fxg4 Rxf1+ 14.
Kxf1 cxd4 15. cxd4 e5 16. Kg1 {A new idea of Ivanchuk. The endgame after the
exchange on d4 looks harmless but still White's extra pawn is quite
significant.} exd4 17. Bxd4 Nc4 (17... Bxd4+ 18. Nxd4 Rc8 19. Nf3 Qxd1+ $2 20.
Rxd1 Rc2 $2 21. Rd8+ Kg7 22. Rd7+ Kg8 23. Ng5 h6 24. Ne6 Rxa2 25. Rg7+ Kh8 26.
Rxg6 Nc4 27. h3 a5 28. Rxh6+ Kg8 29. g5 Ne3 30. Rg6+ Kf7 31. Nf4 a4 32. Rb6 a3
33. Rxb7+ Kg8 34. Ra7 Ra1+ 35. Kf2 Nd1+ 36. Kf3 Nc3 37. Nd5 {1-0 Ivanchuk,
V-Shirov,A/Keres Mem (Rapid) 2000 A good example of White's possibilities!})
18. Bxg7 Kxg7 19. Nf4 Qxd1+ {Here, too, Black goes for the endgame. However,
with both rooks and knights on the board it is not easy for him to push his
queenside pawns while White can combine the threat of pushing his e-pawn with
attack of Black's weaknesses (first of all, h7 pawn after g4-g5).} (19... Qb6+
20. Kh1 Ne3 $5 21. Qf3 $16 (21. Qd7+ $143 Kh8 22. Rc1 Rd8) (21. Qd3 $143 Qf6))
20. Rxd1 Ne5 21. g5 $1 Re8 22. Rb1 b6 23. h4 Rc8 (23... Nc4 24. Re1 Re5 25. Nd3
) 24. Rb5 Ng4 25. Rb1 Rc4 26. Re1 {The position of the white rook looks very
passive; however, Black has his own problem: if he moves his king to the
centre then his h7 pawn can then be attacked.} Kf7 (26... Ne5 27. Rf1) 27. g3
Ke7 $2 {Of course, the e4 pawn should not be allowed to move. After} (27... Ne5
28. Re2 (28. Rf1 Rxe4) 28... Ke7 ({or even} 28... b5) 29. Nd5+ $140 Ke6 30. Nf6
h6) {Black should not lose.} 28. e5 Rc5 $6 {Black could try to cut off the
opponent's king by means of} (28... Rc2 29. e6 Rd2 $5 {but after} 30. a4 $1 {
it is not easy for him to find the next move.} (30. Re4 Rd1+ 31. Kg2 Rd2+ 32.
Ne2 Rxa2) (30. Rc1 Ne5 $1 31. Kf1 Kd6 32. a4 Rd4 33. Re1 Nc6 {is less
convincing.})) 29. e6 Ne5 (29... Rc2 {is already late in view of} 30. Nd5+) 30.
Re2 {[%csl Gf4] Now the white king will be able to enter the game. Pay
attention to the strong, invulnerable position of the white f4 knight - it is
because of White's extra kingside pawn!} b5 31. Kf2 b4 32. Ke3 Rc4 33. Rd2 Ng4+
34. Ke2 Ne5 35. Rd5 {The rook penetrates into Black's camp and Black has
problems successfully stopping the e6 pawn.} Re4+ 36. Kf2 Ke8 37. Rd6 {[%cal
Yf4d5]} a5 $2 {Black were in severe time-trouble here but after} (37... Rc4 38.
Ke3 $16 {White has good winning chances in any case.} (38. Nd5 $143 Rc2+)) 38.
Ra6 Nc4 $6 39. Nd5 {A well-played endgame by Andrey Maksimenko!} 1-0

[Event "USA-CHN Summit"]
[Site "Seattle"]
[Date "2001.03.15"]
[Round "2.3"]
[White "Kaidanov, Gregory S"]
[Black "Peng, Xiaomin"]
[Result "1-0"]
[WhiteElo "2607"]
[BlackElo "2648"]
[Annotator "Krasenkow,M"]
[PlyCount "101"]
[EventDate "2001.03.14"]
[EventType "team"]
[EventRounds "4"]
[EventCountry "USA"]
[SourceTitle "CBM 082"]
[Source "ChessBase"]
[SourceDate "2001.05.17"]
[SourceVersion "1"]
[SourceVersionDate "2001.05.17"]
[SourceQuality "1"]
[WhiteTeam "US of America"]
[BlackTeam "China"]
[WhiteTeamCountry "USA"]
[BlackTeamCountry "CHN"]

1. d4 Nf6 2. c4 g6 3. Nc3 d5 4. cxd5 Nxd5 5. e4 Nxc3 6. bxc3 Bg7 7. Bc4 c5 8.
Ne2 Nc6 9. Be3 O-O 10. O-O Bg4 11. f3 Na5 12. Bxf7+ Rxf7 13. fxg4 Rxf1+ 14.
Kxf1 cxd4 15. cxd4 e5 16. Kg1 {About this line - see CBM77.} exd4 17. Bxd4
Bxd4+ (17... Nc4 18. Bxg7 Kxg7 19. Nf4 Qxd1+ 20. Rxd1 Ne5 21. g5 $1 Re8 22. Rb1
b6 23. h4 Rc8 24. Rb5 Ng4 25. Rb1 Rc4 26. Re1 Kf7 $11 {1-0 Maksimenko,A-Sulypa,
A/Lviv 2000/CBM 77}) 18. Nxd4 (18. Qxd4 Qxd4+ 19. Nxd4 Rd8 20. Nf3 b5 21. Rc1
Nc4 22. a4 a6 23. axb5 axb5 24. Rb1 Rb8 25. Rb4 Re8 26. Rxb5 Nd6 27. Ra5 Nxe4 {
1/2-1/2 Bykhovsky,A-Marcelin,C/Herzliya 2000/CBM 79 (62)}) 18... Qg5 $6 {
Keeping the queens on the board is a new concept for Black in this position.
In my opinion, it is a bit risky as his king is not protected enough.} (18...
Rc8 19. Nf3 Qxd1+ $2 20. Rxd1 Rc2 $2 21. Rd8+ Kg7 22. Rd7+ Kg8 23. Ng5 h6 24.
Ne6 $16 {1-0 Ivanchuk,V-Shirov,A/Tallinn 2000/CBM 74 ext (37)}) 19. Nf3 Qe3+
20. Kh1 Qxe4 21. Rc1 Nc4 $2 {Now White wins the pawn back.} (21... Qf4 $5 {
deserved attention although White maintains initiative after} 22. Qd5+ Kh8 23.
Rb1 Qc7 24. Ng5) 22. Qb3 b5 23. Qxb5 Nb6 (23... Rc8 24. Qd7 {[%cal Rd7a7,Rd7c8]
}) 24. Rc7 Rd8 {Black gives up a second pawn to activate his rook, after which,
however, White consequently brings home his material advantage.} (24... Qd5 $5)
25. Qb3+ Qd5 26. Qxd5+ Rxd5 27. Rxa7 Rd1+ 28. Ng1 Nc4 29. Re7 (29. a4 $5 Ne3
30. g5 {was also possible.}) 29... Rd3 30. h3 Ra3 31. Re2 Ne3 32. Nf3 Nd5 33.
Rb2 Ra7 34. Ng5 Nc3 35. a3 Rxa3 (35... h6 36. Rb3 $1) 36. Rb8+ Kg7 37. Rb7+ Kf6
38. Nxh7+ {Now, with two extra pawns on the kingside, White wins easily.} Ke5
39. Re7+ Kd4 40. Ng5 Nd5 41. Re6 Ne3 42. Nf3+ Kd5 43. Rxg6 Ra2 44. Nh4 Ke5 45.
Kh2 Nf1+ 46. Kg1 Ne3 47. Rg8 Kf4 48. Rf8+ Kg5 49. Nf3+ Kh6 50. Re8 Nxg2 (50...
Rxg2+ 51. Kh1 Re2 {was equally hopeless.}) 51. Re4 1-0

[Event "HUN-ch"]
[Site "Lillafured"]
[Date "1999.02.03"]
[Round "3"]
[White "Pinter, Jozsef"]
[Black "Horvath, Csaba"]
[Result "1/2-1/2"]
[WhiteElo "2581"]
[BlackElo "2524"]
[Annotator "Krasenkow,M"]
[PlyCount "92"]
[EventDate "1999.02.01"]
[EventType "tourn"]
[EventRounds "9"]
[EventCountry "HUN"]
[EventCategory "13"]
[SourceTitle "CBM 070"]
[Source "ChessBase"]
[SourceDate "1999.06.08"]
[SourceVersion "1"]
[SourceVersionDate "1999.06.08"]
[SourceQuality "1"]

1. d4 Nf6 2. c4 g6 3. Nc3 d5 4. cxd5 Nxd5 5. e4 Nxc3 6. bxc3 Bg7 7. Bc4 c5 8.
Ne2 Nc6 9. Be3 O-O 10. O-O Bg4 11. f3 Na5 12. Bxf7+ Rxf7 13. fxg4 Rxf1+ 14.
Kxf1 cxd4 15. cxd4 e5 {The most topical line in the Sevilla variation nowadays.
Black blockades the white pawn centre and prepares counterplay along the c-
and f-files.} 16. d5 Nc4 17. Qd3 b5 $5 (17... Nxe3+) 18. Rb1 $6 $146 {This
move is hardly useful as the a2 pawn will be hanging in some variations.} (18.
g5 Bf8 19. Ng1 Nxe3+ (19... a6 20. Nf3 Bd6 21. Re1 Rc8 22. Re2 Nxe3+ 23. Qxe3
Qc7 {0-1 Van Tilbury,C-Zadrima,A/Moscow 1994/CBM 44 ext (41) 0-1 (26)}) 20.
Qxe3 Qb6 21. Qc3 b4 22. Qc4 Bd6 23. Ke2 a5 24. Nh3 a4 25. Nf2 Qd8 26. Qc1 Rc8
27. Qd2 Rc4 {0-1 Van Wely,L-Nijboer,F/NLD-ch 1998 (39)}) (18. Ng1 {[%cal Yg1f3,
Yf3g5,Yg5e6]} Bf8 19. Nf3 Bd6 20. Bf2 Qa5 21. Kg1 Rc8 22. Qe2 $5 (22. Ng5 $6
Qd2 23. Qxd2 Nxd2 24. Be3 Nc4 25. Bxa7 Ra8 26. Bf2 b4 27. Rc1 (27. Rb1 Rxa2 28.
Nf3 Re2) 27... Rxa2 28. Rxc4 Ra1+ 29. Be1 b3) 22... Qc3 $5 (22... Na3 23. Ng5
$16 {Ftacnik}) 23. Rf1 a5 {and I am not so optimistic about White's position.})
18... a6 19. Kg1 (19. Ng1 $5 Qa5 $1 (19... Bf8 20. Nf3 Bd6 21. Bf2 Qa5 22. Qe2)
20. d6 $2 Rd8) 19... Rc8 20. Bf2 Bf8 21. h3 Qa5 $36 {[%csl Ra2]} 22. d6 {
A desperate attempt to achieve counterplay. It is clear that White has lost
the opening duel.} (22. Ra1 $15) 22... Nxd6 23. Qd5+ Nf7 24. Rf1 Rc2 $1 25. Nc1
Qd8 26. Qb3 Qc7 27. Nd3 Qc4 $19 28. Ra1 Rd2 (28... Rc3 $19) 29. Ne1 Qe2 (29...
a5 $5) 30. Bb6 Be7 {[%cal Re7h4]} 31. Qf3 Rxa2 (31... Ng5 32. Qc3 Nxe4 33. Qxe5
) 32. Qxe2 Rxe2 33. Nd3 Rxe4 34. Rxa6 Ra4 35. Ra5 Rxa5 36. Bxa5 Kg7 {Black is
clearly winning but starts to play inaccurately and his victory slips away.} (
36... e4 $5 37. Nf4 (37. Nf2 Bc5 38. Kf1 Bxf2 39. Kxf2 Nd6 $19) 37... Bc5+ (
37... b4 38. Nd5 Bc5+ 39. Kf1 b3 40. Nf6+ Kf8 41. Bc3 Ba3 42. Nxe4) 38. Kf1 Nd6
39. Ne6 Ba3 $19) (36... Kf8) 37. Bc3 Kf6 38. Nf4 Bc5+ (38... Bd6 {to control
the c7 square} 39. Kf2 Ke7 40. Nd5+ Ke6 $19) 39. Kf1 Nd6 $6 {weakening the e5
pawn} (39... Ke7 40. Nd5+ Kd6 $19) 40. Ke2 g5 {An obvious inaccuracy (in the
time-trouble?) - the pawn is put on a square of the bishop's colour.} (40...
Ne4 41. Nd5+ (41. Bb2 b4 42. Kd3 Nd6) 41... Kf7 42. Bb2 Bd6 43. Ke3 Nf6 {
was still winning}) 41. Nd5+ Ke6 42. Nc7+ Kf6 $2 (42... Kd7 43. Nd5 Ne4 $1 44.
Kd3 (44. Bb2 Kd6 $19) 44... Nxc3 45. Kxc3 Kc6 46. Nf6 h6) 43. Kd3 Ba3 44. Kc2
Bc5 45. Kd3 h6 46. Ke2 Ba3 {The black pieces are now tied with the defence of
his pawns and he has no way to win.} (46... Ne4 47. Nxb5) 1/2-1/2

[Event "Julian Borowski-A 3rd"]
[Site "Essen"]
[Date "2001.05.02"]
[Round "1"]
[White "Jussupow, Artur"]
[Black "Sutovsky, Emil"]
[Result "1-0"]
[WhiteElo "2645"]
[BlackElo "2604"]
[Annotator "Krasenkow,M"]
[PlyCount "85"]
[EventDate "2001.05.02"]
[EventType "tourn"]
[EventRounds "9"]
[EventCountry "GER"]
[EventCategory "15"]
[SourceTitle "CBM 083"]
[Source "ChessBase"]
[SourceDate "2001.07.05"]
[SourceVersion "1"]
[SourceVersionDate "2001.07.05"]
[SourceQuality "1"]

1. d4 Nf6 2. c4 g6 3. Nc3 d5 4. cxd5 Nxd5 5. e4 Nxc3 6. bxc3 Bg7 7. Bc4 c5 8.
Ne2 Nc6 9. Be3 O-O 10. O-O Bg4 11. f3 Na5 12. Bxf7+ Rxf7 13. fxg4 Rxf1+ 14.
Kxf1 cxd4 15. cxd4 e5 16. Kg1 Rc8 {We discussed this line in CBM77. This move
is a fresh attempt to improve Black's play. He avoids the endgame but the
middlegame is not easy for him either.} 17. d5 Nc4 18. Bf2 Nd6 ({Another
example:} 18... Qd7 19. Rc1 b5 20. g5 a5 21. Ng3 Nd6 22. h4 Bf8 23. Rc2 a4 24.
Be1 $2 {after this blunder Black obtains an excellent position} Rxc2 25. Qxc2
Qg4 26. Bf2 Qxh4 27. Bc5 Qxg5 $17 {1/2-1/2 Van Wely,L-Leko,P/Monaco rapid 2001/
CB17 (53). (52)}) 19. Ng3 Bh6 {[%mdl 32]} 20. h4 Bf4 21. g5 Qd7 22. Qf3 Rf8 $6
{Not a good idea. The rook leaves the c-file, where it was placed very
actively, and moves to the f-file, where it has much less active possibilities.
} (22... b5 $5) 23. Qe2 Qc8 ({Perhaps it was better to return the rook:} 23...
Rc8) 24. Nf1 {[%cal Yf1h2,Yh2g4]} Bc1 25. g3 Ba3 26. Kg2 Qc3 27. Rb1 Bc5 28.
Bxc5 Qxc5 29. Nh2 $1 {This is the point of White's whole plan. The knight
starts processing the weak squares in Black's camp (e5,f6,h6) while Black's f8
rook is completely unemployed.} Rc8 {too late!} (29... Qd4 {was a blank shot:}
30. Ng4 $1 Nxe4 (30... Qxe4+ 31. Qxe4 Nxe4 32. Rxb7) 31. Rd1 Nc3 (31... Qb4 32.
a3 Qa4 33. Re1) 32. Rxd4 Nxe2 33. Rc4 $18 {[%csl Re2,Re5]}) 30. Ng4 Qc2 31. Rb2
Qxe2+ 32. Rxe2 {[%mdl 4096] In this endgame White's extra g3 pawn is a factor
of great importance as it covers his king and potentially weak squares. But,
of course, what brings White victory is the weakness of the black e5 and h7
pawns and f6 square.} Kg7 33. Kf3 Nf7 (33... Rf8+ 34. Ke3 Nc4+ 35. Kd3 b5 {
is useless in view of} 36. Rf2) 34. Re3 Kf8 35. Ra3 $1 Ke7 ({If} 35... a6 {then
} 36. Rb3 b5 37. Ra3 Ra8 38. Rc3 {etc. It is remarkable that Black, because of
his weaknesses, turns out to be weaker at the queenside, where, theoretically,
he is the active party. I remember one of the most spectacular examples of
such a paradox: Karpov-Kamsky (Moscow 1992).}) 36. Rxa7 Rc3+ 37. Kg2 Nd6 38.
Nf6 h6 {Black gives up everything (probably in time-trouble).} 39. Ng8+ Kf7 40.
Nxh6+ Kg7 41. Ng4 Rc2+ 42. Kf3 Rc3+ 43. Ke2 1-0